000 00328nam a22001337a 4500
008 170418b xxu||||| |||| 00| 0 eng d
020 _a9781401812553
041 _aeng
080 _22ND
_a612.39
100 _a10
101 _aSHM
245 _aSAFETY, NUTRITION, AND HEALTH IN EARLY EDUCATION
_cROBERTSON, C
942 _2udc
_cBK
999 _c10922
_d10922